BIBLIOTHÈQUE DE LA MAISON DU MEXIQUE

Logo 1 Logo 2

México en guerra (notice nᵒ 8363)

détails MARC
000 -Sello discográfico
campo de control de longitud fija 01201nam a2200337 4500
005 - Identificación de versión
campo de control 20251016085019.0
010 ## - Número Estándar Internacional de Libros (ISBN)
Número (ISBN) 968-29-9718-6
035 ## - Otros números de control del sistema
Número de control del sistema 29225
099 ## - fechas locales
Tipo de ítem Koha LIBRO
100 ## - Datos de procesamiento general
Datos de procesamiento general 20021007d1997 m y1spay5003 ba
105 ## - Campo de datos codificados: Material textual, monográfico
Datos codificados de monografía y 101zy
200 1# - Título y mención de responsabilidad
Título propio México en guerra
Designación general del material texto impreso
Otra información del título 1846-1848 : perspectivas regionales
Primer mención de responsabilidad Coordinación Laura Herrera Serna
205 ## - Declaración de edición
Declaración de edición 1a ed
210 ## - Publicación, distribución, etc.
Lugar de publicación, distribución, etc. México
Nombre del editor, distribuidor, etc. Museo Nacional de las Intervenciones
-- Consejo Nacional para la Cultura y las Artes
Fecha de publicación, distribución, etc. 1997
215 ## - Descripción física
Designación de material específico y extensión del ítem 744 p
Dimensiones 21 cm
300 ## - Notas generales
Texto de la nota Incluye índice onomástico
345 ## - Nota de información de adquisición
Fuente de adquisición/dirección de la suscripción [OBSOLETO] Donación
410 #1 - Series
Título Regiones
607 ## - Nombre geográfico utilizado como tema
Elemento de entrada Estados Unidos
Subdivisión temática Historia
Subdivisión cronológica Guerra con México, 1845-1848
Subdivisión temática Congresos
Número Koha 14294
607 ## - Nombre geográfico utilizado como tema
Elemento de entrada México
Subdivisión temática Historia
Subdivisión cronológica Guerra con Estados Unidos, 1845-1848
Subdivisión temática Congresos
Número Koha 14295
660 ## - Código de área geográfica
Código MX
702 ## - Nombre personal - Responsabilidad secundaria
Elemento de entrada Herrera Serna
Parte del nombre distinta del elemento de entrada Laura
Número Koha 14296
710 ## - Nombre de entidad corporativa - Responsabilidad primaria
Elemento de entrada Congreso de Historia de las Intervenciones
Fecha de la reunión Otoño de 1994
Lugar de la reunión México
Número Koha 14297
801 #0 - Fuente de origen
Agencia cm
900 ## -
-- 1/2658
900 ## -
-- 7100214446\071002
942 ## - ELEMENTOS DE ENTRADA SECUNDARIOS (KOHA)
Tipo de ítem Koha Livre
996 ## -
-- MEX
-- 751145101
-- MMAG
-- 005240
-- 917.2 R336 V.41
-- 20210722LIV
Exemplaires
Estatus retirado Estado de daño Estado de pérdida Fecha de adquisición Biblioteca de origen Biblioteca actual Ubicación en estantería Código de barras Precio de reemplazo Signatura topográfica completa No para préstamo Tipo de ítem Koha Nota pública Nota no pública
      05/08/2025 Casa México Paris Casa México Paris   005240 05/08/2025 917.2 R336 V.41   Livre 20210722LIV 751145101